000
00290nam a2200109Ia 4500
008
230907s9999||||xx |||||||||||||| ||und||
082
_a
363.1162094
_b
SMI
100
_a
Smith, David J.
_9
115484
245
4
_a
The safety critical systems handbook :
300
_a
xxi, 307 pages :
942
_c
BK
999
_c
598527
_d
598527